Pivotka S basketbalistkou Ankou Kotočovou o živote profesionála

Bibliographic Details
Main Authors: Kotočová-Janoštinová, Anna (Author), Niton, Marian (Author)
Format: Article
Language:Slovak
PhysicalDescription:Fotogr. 2
Subjects:

MARC

LEADER 00000nab a2200000 a 4500
001 vtls000486552
003 SK-MaSNL
005 20260303004608.0
008 120927c1993 xo 0 slo
015 |a SNBRB19rr/mm-uuuuu 
035 |a CL0486689 
040 |a SNKBUCL  |b slo  |c SNKBUCL  |e AACR2 
041 0 |a slo 
044 |a xo  |c SK 
080 |a 796.323.071  |2 1981 
100 1 |a Kotočová-Janoštinová, Anna  |4 aut  |9 900603 
245 1 0 |a Pivotka  |b S basketbalistkou Ankou Kotočovou o živote profesionála  |c Anna Kotočová-Janoštinová, Marian Niton 
300 |b Fotogr. 2 
600 2 7 |a Kotočová-Janoštinová, Anna  |d 1968-  |x rozhovory  |2 snkbucl  |9 983808 
655 7 |a články z novín a časopisov  |2 snkbucl  |9 267496 
700 1 |a Niton, Marian  |4 aut  |9 841187 
773 0 |t Práca  |g Roč. 48, č. 141 (19. 6. 1993), s. 13 
850 |a Slovenská národná knižnica v Martine  |a MTA001 
852 |a SNK  |b KIS3GCP 
958 |a RK 
992 |a RBX 
999 |c 1578340  |d 1580270